<?xml version="1.0" encoding="UTF-8"?>
<record
    xmlns:xsi="http://www.w3.org/2001/XMLSchema-instance"
    xsi:schemaLocation="http://www.loc.gov/MARC21/slim http://www.loc.gov/standards/marcxml/schema/MARC21slim.xsd"
    xmlns="http://www.loc.gov/MARC21/slim">

  <leader>02514nam a2200433 i 4500</leader>
  <controlfield tag="001">196181</controlfield>
  <controlfield tag="003">ES-MaACL</controlfield>
  <controlfield tag="005">20250809052937.0</controlfield>
  <controlfield tag="008">240817s2021    sp     | |||| 000 f spa  </controlfield>
  <datafield tag="015" ind1=" " ind2=" ">
    <subfield code="a">MON23</subfield>
  </datafield>
  <datafield tag="017" ind1=" " ind2=" ">
    <subfield code="a">M 30879-2021</subfield>
    <subfield code="b">Oficina Dep&#xF3;sito Legal Madrid</subfield>
  </datafield>
  <datafield tag="020" ind1=" " ind2=" ">
    <subfield code="a">9788412034776</subfield>
  </datafield>
  <datafield tag="035" ind1=" " ind2=" ">
    <subfield code="a">(SpMaBN)a7245514</subfield>
  </datafield>
  <datafield tag="035" ind1=" " ind2=" ">
    <subfield code="a">991047655429708606</subfield>
  </datafield>
  <datafield tag="040" ind1=" " ind2=" ">
    <subfield code="a">SpMaBN</subfield>
    <subfield code="b">spa</subfield>
    <subfield code="c">SpMaBN</subfield>
    <subfield code="e">rda</subfield>
  </datafield>
  <datafield tag="080" ind1=" " ind2=" ">
    <subfield code="a">821.111-31"19"</subfield>
  </datafield>
  <datafield tag="100" ind1=" " ind2=" ">
    <subfield code="a">Balakian, Peter</subfield>
    <subfield code="9">238443</subfield>
    <subfield code="e">aut</subfield>
  </datafield>
  <datafield tag="240" ind1="1" ind2="0">
    <subfield code="a">Black Dog of Fate</subfield>
    <subfield code="l">Espa&#xF1;ol</subfield>
  </datafield>
  <datafield tag="245" ind1="1" ind2="3">
    <subfield code="a">El perro negro del destino / </subfield>
    <subfield code="c">Peter Balakian ; presentaci&#xF3;n, Joaqu&#xED;n Gonz&#xE1;lez Ib&#xE1;&#xF1;ez ; traducci&#xF3;n, Rosa M&#xAA; Bautista Cordero.</subfield>
  </datafield>
  <datafield tag="264" ind1=" " ind2="1">
    <subfield code="a">[Madrid] :</subfield>
    <subfield code="b">Fundaci&#xF3;n Berg Oceana Aufklarung - Berg Institute,</subfield>
    <subfield code="c">[2021].</subfield>
  </datafield>
  <datafield tag="264" ind1=" " ind2="4">
    <subfield code="c">&#xA9;2021</subfield>
  </datafield>
  <datafield tag="300" ind1=" " ind2=" ">
    <subfield code="a">385 p&#xE1;ginas :</subfield>
    <subfield code="c">24 cm.</subfield>
  </datafield>
  <datafield tag="336" ind1=" " ind2=" ">
    <subfield code="a">Texto</subfield>
    <subfield code="2">rdacontent</subfield>
  </datafield>
  <datafield tag="337" ind1=" " ind2=" ">
    <subfield code="a">sin mediaci&#xF3;n</subfield>
    <subfield code="2">rdamedia</subfield>
  </datafield>
  <datafield tag="338" ind1=" " ind2=" ">
    <subfield code="a">volumen</subfield>
    <subfield code="2">rdacarrier</subfield>
  </datafield>
  <datafield tag="490" ind1="1" ind2=" ">
    <subfield code="a">Biblioteca literatura y derechos humanos ;</subfield>
    <subfield code="v">14</subfield>
  </datafield>
  <datafield tag="520" ind1=" " ind2=" ">
    <subfield code="a">La obra El perro negro del destino &#x2014;Premio PEN/Martha Albrand 1998&#x2014; es un vibrante relato autobiogr&#xE1;fico que comienza en la segunda mitad de la d&#xE9;cada de 1950 en una zona residencial de Nueva Jersey. El autor descubre que tras su estilo de vida aparentemente id&#xED;lico subyace el fantasma del trauma sufrido por su familia y sus antepasados: el exterminio de m&#xE1;s de un mill&#xF3;n de armenios en 1915 por parte del Gobierno turco en el que fue el primer genocidio del siglo XX.

&#xAB;Un relato autobiogr&#xE1;fico fascinante y estremecedor&#x2026; escrito desde el dolor y la rabia, con una inmensa sensibilidad, El perro negro del destino es a la vez un retrato de familia, la cr&#xF3;nica hist&#xF3;rica del exterminio del pueblo armenio en Turqu&#xED;a y el relato del pasaje de un joven adolescente a la edad adulta&#xBB;.

The New York Times Book Review</subfield>
  </datafield>
  <datafield tag="586" ind1=" " ind2=" ">
    <subfield code="a">Premio PEN, Martha Albrand, 1998</subfield>
  </datafield>
  <datafield tag="655" ind1=" " ind2="0">
    <subfield code="a">Novelas psicol&#xF3;gicas</subfield>
    <subfield code="9">233883</subfield>
  </datafield>
  <datafield tag="700" ind1=" " ind2=" ">
    <subfield code="a">Bautista, Rosa Mar&#xED;a</subfield>
    <subfield code="9">238444</subfield>
    <subfield code="e">trl</subfield>
  </datafield>
  <datafield tag="700" ind1=" " ind2=" ">
    <subfield code="a">Gonz&#xE1;lez Ib&#xE1;&#xF1;ez, Joaqu&#xED;n, </subfield>
    <subfield code="9">238427</subfield>
    <subfield code="d">1970-</subfield>
    <subfield code="e">aui</subfield>
  </datafield>
  <datafield tag="830" ind1=" " ind2="0">
    <subfield code="a">Biblioteca literatura y derechos humanos</subfield>
    <subfield code="v">14</subfield>
    <subfield code="9">238888</subfield>
  </datafield>
  <datafield tag="852" ind1=" " ind2=" ">
    <subfield code="a">ES-MaACL</subfield>
    <subfield code="b">R.154551</subfield>
    <subfield code="c">DEPOJ</subfield>
    <subfield code="j">N-9256</subfield>
    <subfield code="h">Donaci&#xF3;n: Editorial</subfield>
    <subfield code="x">Encuadernaci&#xF3;n carton&#xE9; (incluye faja)</subfield>
    <subfield code="9">205210</subfield>
  </datafield>
  <datafield tag="942" ind1=" " ind2=" ">
    <subfield code="c">MONOGRAFIA</subfield>
    <subfield code="n">0</subfield>
  </datafield>
  <datafield tag="999" ind1=" " ind2=" ">
    <subfield code="c">196181</subfield>
    <subfield code="d">196181</subfield>
  </datafield>
  <datafield tag="952" ind1=" " ind2=" ">
    <subfield code="0">0</subfield>
    <subfield code="1">0</subfield>
    <subfield code="2">udc</subfield>
    <subfield code="4">0</subfield>
    <subfield code="7">0</subfield>
    <subfield code="a">ATENEOM</subfield>
    <subfield code="b">ATENEOM</subfield>
    <subfield code="c">DEPOJ</subfield>
    <subfield code="d">2025-05-06</subfield>
    <subfield code="e">DONACION</subfield>
    <subfield code="l">0</subfield>
    <subfield code="o">N-9256</subfield>
    <subfield code="p">101229982</subfield>
    <subfield code="r">2025-05-06 00:00:00</subfield>
    <subfield code="w">2025-05-06</subfield>
    <subfield code="y">MONOGRAFIA</subfield>
  </datafield>
</record>
